000 00622nam a2200205Ia 4500
001 6987
003 GE_BSU
008 181216s||||||||xx |||||||||||||| ||und||
040 _cGE_BSU
080 _a621.372
100 _aАндреев,В.С.
245 _aТеория нелинейных электрических цепей.
245 _cРед. Г.Ш.Погорельская, Т.Б.Котырева.
260 _aМ.
260 _bСвязь.
260 _c1972.
300 _a328стр. с илл. 21см.
653 _aТеория нелинейных электрических цепей.
942 _cBK
999 _c40379
_d40379